000 00854nam a22001577a 4500
003 OSt
005 20150918162207.0
008 150918b xxu||||| |||| 00| 0 eng d
040 _cRUA
082 _aAGR SRE 2006 B034 Or.1
100 _9790
_aSREY, CHANTHAN.
245 _aEffect of A B fertilizers utilzation on celery cabbage in hydroponics at royal university of agriculture crop station ឥទ្ថិពលនៃកាតប្រើប្រាស់ជី អា បេ លើការលូតលាស់ដំណាំស្ពៃចង្កឹះដាំក្នុងសូលុយស្យុងនៅស្ថានីយ៏ពិសោធន៏ដំណាំ នៃសាកលវិទ្យាល័យភូមិន្ទកសិកម្ម
260 _aPhnom Penh
_bRUA
_c2006
300 _a39p.
_bill.
_c29cm.
942 _2ddc
_cAGR
999 _c758
_d758